<?xml version="1.0" encoding="UTF-8"?>
<resp>
  <nextPage>https://data.bn.org.pl/api/networks/bibs.marcxml?marc=001+b0000005856793&amp;sinceId=5856794</nextPage>
  <collection>
    <record xmlns='http://www.loc.gov/MARC21/slim'><leader>03648nam a2200733 i 4500</leader><controlfield tag='001'>b0000005856793</controlfield><controlfield tag='005'>20260514090405.5</controlfield><controlfield tag='008'>171228s1775    pl a         |000 0 lat  </controlfield><controlfield tag='009'>9910000797005606</controlfield><datafield ind1=' ' ind2=' ' tag='026'><subfield code='a'>its. 4.s.</subfield><subfield code='b'>n.m. &amp;oco (C)</subfield><subfield code='c'>1775 (Q)</subfield><subfield code='5'>WA N</subfield></datafield><datafield ind1=' ' ind2=' ' tag='035'><subfield code='a'>991021040979705066</subfield></datafield><datafield ind1=' ' ind2=' ' tag='035'><subfield code='a'>(PL-WaBN)b58567938-48omnis_nlop</subfield></datafield><datafield ind1=' ' ind2=' ' tag='035'><subfield code='a'>b58567938</subfield></datafield><datafield ind1=' ' ind2=' ' tag='035'><subfield code='a'>(PL)b0000005856793</subfield></datafield><datafield ind1=' ' ind2=' ' tag='040'><subfield code='a'>WA N</subfield><subfield code='c'>WA N</subfield><subfield code='d'>WA N</subfield><subfield code='d'>KR U</subfield><subfield code='d'>WA U</subfield></datafield><datafield ind1='0' ind2=' ' tag='041'><subfield code='a'>lat</subfield><subfield code='a'>pol</subfield></datafield><datafield ind1='0' ind2=' ' tag='045'><subfield code='b'>d1775</subfield></datafield><datafield ind1=' ' ind2=' ' tag='046'><subfield code='k'>1775</subfield></datafield><datafield ind1='1' ind2=' ' tag='100'><subfield code='a'>Marxen, Karol</subfield><subfield code='d'>(1730-1808)</subfield><subfield code='e'>Autor</subfield></datafield><datafield ind1='1' ind2='0' tag='245'><subfield code='a'>Quaestio Canonico-Civilis De Consangvinitate &amp; Affinitate, Ad tit. Decretal. Gregorii Papæ IX. Lib. IV. tit. XIV. De Consanguinit[ate] et Affinit[ate] &amp; Bonifacii Papæ VIII. Lib. VI. Decretal. tit. III. De Cognat. Spirit. in 6to junct. Clement. Lib. IV. lit. I de Consang. &amp; Affinit. et Justin. Imperat. ad Lib. I tit. VII. de Adoption. &amp; ff. Lib. XXXVIII. tit. XIX. de Gradib. &amp; Affinib. &amp; nominib. eor. &amp; Cod. Lib. VIII. tit. XLVIII. de Adoption. junct. Novel. LXXXIV. de Consangv. &amp; Uterin. Fratrib. /</subfield><subfield code='c'>Deprompta per M. Carolum Marxen U. J. Professorem, Ecclesiarum, Collegiatae SS. OO. Crac. Archidiaconum, Parochialis S. Nicolai Vesołoviæ Præpositum, Judiciorum Consistorii Generalis Cracoviensis Assessorem, Ad obtinendam Licentiam pro Doctoratu in Utroque Jure publice ad disputandum in Lectiorio CC. DD. Jure-Consultorum Exposita Anno Domini 1775. Die 11 Mensis Septembris.</subfield></datafield><datafield ind1=' ' ind2=' ' tag='260'><subfield code='a'>[Kraków] :</subfield><subfield code='b'>[drukarz nieznany],</subfield><subfield code='c'>[1775].</subfield></datafield><datafield ind1=' ' ind2=' ' tag='300'><subfield code='a'>[32] karty, sygnowanie: [ ]1, A-F4, G6+1, [4] karty tablic :</subfield><subfield code='b'>ilustracje miedziorytowe ;</subfield><subfield code='c'>4°.</subfield></datafield><datafield ind1=' ' ind2=' ' tag='336'><subfield code='a'>Tekst</subfield><subfield code='b'>txt</subfield><subfield code='2'>rdacontent</subfield></datafield><datafield ind1=' ' ind2=' ' tag='337'><subfield code='a'>Bez urządzenia pośredniczącego</subfield><subfield code='b'>n</subfield><subfield code='2'>rdamedia</subfield></datafield><datafield ind1=' ' ind2=' ' tag='338'><subfield code='a'>Wolumin</subfield><subfield code='b'>nc</subfield><subfield code='2'>rdacarrier</subfield></datafield><datafield ind1=' ' ind2=' ' tag='380'><subfield code='a'>Książki</subfield></datafield><datafield ind1=' ' ind2=' ' tag='380'><subfield code='a'>Publikacje naukowe</subfield></datafield><datafield ind1=' ' ind2=' ' tag='380'><subfield code='a'>Starodruki</subfield></datafield><datafield ind1='1' ind2=' ' tag='388'><subfield code='a'>1701-1800</subfield></datafield><datafield ind1=' ' ind2=' ' tag='500'><subfield code='a'>Druk w dwóch kolumnach.</subfield></datafield><datafield ind1=' ' ind2=' ' tag='500'><subfield code='a'>Na kartach tablic miedzioryty ilustrujące rodzaje i stopnie pokrewieństwa; karta: Typus Cognationis Spiriualis, sygnowana: Sc. Pr. Elevt: Stai: Crac.</subfield></datafield><datafield ind1='4' ind2=' ' tag='510'><subfield code='a'>Estr. XV-XVIII,</subfield><subfield code='c'>XXII, 204.</subfield></datafield><datafield ind1=' ' ind2=' ' tag='546'><subfield code='a'>Fragmenty w języku polskim.</subfield></datafield><datafield ind1='0' ind2='7' tag='600'><subfield code='a'>Bonifacy</subfield><subfield code='b'>VIII</subfield><subfield code='c'>(papież ;</subfield><subfield code='d'>ok. 1235-1303)</subfield><subfield code='2'>DBN</subfield></datafield><datafield ind1='0' ind2='7' tag='600'><subfield code='a'>Grzegorz</subfield><subfield code='b'>IX</subfield><subfield code='c'>(papież ;</subfield><subfield code='d'>ok. 1170-1241)</subfield><subfield code='2'>DBN</subfield></datafield><datafield ind1=' ' ind2='7' tag='648'><subfield code='a'>1701-1800</subfield><subfield code='2'>DBN</subfield></datafield><datafield ind1=' ' ind2='7' tag='650'><subfield code='a'>Pokrewieństwo</subfield><subfield code='2'>DBN</subfield></datafield><datafield ind1=' ' ind2='7' tag='650'><subfield code='a'>Rodzina</subfield><subfield code='2'>DBN</subfield></datafield><datafield ind1=' ' ind2='7' tag='650'><subfield code='a'>Prawo kanoniczne</subfield><subfield code='2'>DBN</subfield></datafield><datafield ind1=' ' ind2='7' tag='655'><subfield code='a'>Publikacje naukowe</subfield><subfield code='2'>DBN</subfield></datafield><datafield ind1=' ' ind2=' ' tag='658'><subfield code='a'>Nauka i badania</subfield></datafield><datafield ind1=' ' ind2=' ' tag='752'><subfield code='a'>Polska</subfield><subfield code='d'>Kraków.</subfield></datafield><datafield ind1=' ' ind2=' ' tag='852'><subfield code='8'>221152343840008831</subfield><subfield code='j'>1</subfield><subfield code='b'>5100-BUW</subfield><subfield code='p'>SD.1800023524</subfield><subfield code='c'>10014</subfield></datafield><datafield ind1=' ' ind2=' ' tag='852'><subfield code='b'>48OMNIS_UJA</subfield><subfield code='8'>991016976623605067</subfield></datafield><datafield ind1=' ' ind2=' ' tag='852'><subfield code='8'>22705108940005066</subfield><subfield code='j'>1</subfield><subfield code='h'>SD XVIII.2.1275</subfield><subfield code='b'>BN_PL</subfield><subfield code='p'>888a1231803</subfield><subfield code='c'>bstdr</subfield><subfield code='z'>Defekt: brak [4] kart tablic.</subfield></datafield><datafield ind1=' ' ind2=' ' tag='852'><subfield code='b'>48OMNIS_UOW</subfield><subfield code='8'>991053371064608831</subfield></datafield><datafield ind1=' ' ind2=' ' tag='852'><subfield code='8'>221152343840008831</subfield><subfield code='j'>1</subfield><subfield code='b'>5100-BUW</subfield><subfield code='p'>SD.1800023523</subfield><subfield code='c'>10014</subfield></datafield><datafield ind1=' ' ind2=' ' tag='852'><subfield code='b'>48OMNIS_NLOP</subfield><subfield code='8'>991021040979705066</subfield></datafield><datafield ind1=' ' ind2=' ' tag='852'><subfield code='8'>22549666100005066</subfield><subfield code='j'>1</subfield><subfield code='h'>SD W.1.1383</subfield><subfield code='b'>BN_PL</subfield><subfield code='p'>777i56942588</subfield><subfield code='c'>bstdr</subfield></datafield><datafield ind1=' ' ind2=' ' tag='852'><subfield code='b'>48OMNIS_NETWORK</subfield><subfield code='8'>9910000797005606</subfield></datafield><datafield ind1=' ' ind2=' ' tag='950'><subfield code='u'>https://eu05.alma.exlibrisgroup.com/view/uresolver/48OMNIS_NETWORK/openurl?u.ignore_date_coverage=true&amp;portfolio_pid=53717927330005066&amp;Force_direct=true</subfield><subfield code='z'>Zobacz w Polonie: egzemplarz SD XVIII.2.1275</subfield><subfield code='8'>53717927330005066</subfield></datafield></record>
  </collection>
</resp>
